LIBRARY & INFORMATION CENTRE, KCAET, TAVANUR

ONLINE PUBLIC ACCESS CATALOGUE (OPAC)

Urban Drainage Modelling / (Record no. 7053)

MARC details
000 -LEADER
fixed length control field 00351cam a2200145ua 4500
020 ## - INTERNATIONAL STANDARD BOOK NUMBER
ISBN 0080325580
082 ## - DEWEY DECIMAL CLASSIFICATION NUMBER
Classification number 628.212
Item number MAK/UR
245 ## - TITLE STATEMENT
Title Urban Drainage Modelling /
250 ## - EDITION STATEMENT
Edition statement 1 /
260 ## - PUBLICATION, DISTRIBUTION, ETC. (IMPRINT)
Place of publication Oxford :
Name of publisher Pergamon Press ,
Year of publication 1986.
300 ## - PHYSICAL DESCRIPTION
Number of Pages 540 ; .
700 1# - ADDED ENTRY--PERSONAL NAME
Personal name Maksimovic, C ..
700 1# - ADDED ENTRY--PERSONAL NAME
Personal name Radojkovic, M
942 ## - ADDED ENTRY ELEMENTS (KOHA)
Koha item type Reference
Holdings
Withdrawn status Lost status Damaged status Collection code Home library Current library Shelving location Date acquired Full call number Accession Number Koha item type
      Reference KAUAET KAUAET Reference 07/04/2012 628.212.MAK/UR 19457 Reference
free website counter